| 000 | 00645nam a22001937a 4500 | ||
|---|---|---|---|
| 005 | 20240813113635.0 | ||
| 010 | _aENG-132938 ENG-141324 | ||
| 020 |
_a9789388604598 _c585.00 |
||
| 035 | _aEN-116470 | ||
| 035 | _aEN-124856 | ||
| 037 | _bDBAD | ||
| 082 | _a616.9792 | ||
| 245 |
_aPsychological Dimension of AIDS/ _cEdited by Sadique Razaque |
||
| 260 |
_aNew Delhi _bAyushman Publication House _c2020 |
||
| 270 |
_a352/D2 Ajit Bhawan Munirka Near J.N.U. Main Gate _bNew Delhi _e110067 _mayushmanpuhouse@gmail.com |
||
| 300 |
_axii, 180p. _c22cm(hbk) |
||
| 700 |
_aRazaque, Sadique _969901 |
||
| 942 |
_2ddc _cEN _h616.9792 _mPSY |
||
| 999 |
_c188720 _d188720 |
||